000 00672nam a2200253Ia 4500
003 OSt
005 20220918163230.0
006 a|||||r|||| 00| 0
007 ta
008 220917b |||||||| |||| 00| 0 eng d
020 _a0 416 73930 X
024 _a24,667
037 _cTextual
040 _aARTS
_cARTS
_beng
041 _2eng
_aeng
082 _aO111973:gN, M2
100 _aMassa Ann
_912215
245 0 _aAmerican literature in context , IV 1900-1930
260 _aLondon
_bMethuen UK
_c1982
300 _ax,205p.
_ccm.
650 _aENGLISH LITERATURE
942 _hO111973:gN, M2
_cTEXL
_2CC
999 _c118652
_d118652